Peux-tu nommer ces 100 personnages de Star Wars ? - Statistiques

Statistiques générales
  • Ce quiz a été pris 121 fois
  • Le résultat moyen est 25 sur 100
Statistiques - réponses
Catégories Personnages % Correct
⭐Les héros de la saga : Luke Skywalker
88%
Han Solo
86%
Anakin Skywalker
83%
Obi-Wan Kenobi
83%
Leia Organa
82%
Yoda
82%
🌑Les méchants iconiques : Dark Vador
81%
Palpatine
80%
C-3PO
78%
Dark Maul
78%
🤖 Les droïdes célèbres : R2-D2
78%
Rey
77%
Chewbacca
71%
Mace Windu
69%
💰 Chasseurs de primes et hors-la-loi : Boba Fett
68%
Finn
67%
BB-8
64%
Jango Fett
62%
Comte Dooku
60%
Kylo Ren
59%
Général Grievous
53%
Poe Dameron
53%
🏴‍☠️ Criminels et gangsters : Jabba le Hutt
51%
🛡️Les Jedi légendaires : Qui-Gon Jinn
50%
Snoke
44%
Lando Calrissian
38%
Ki-Adi-Mundi
33%
Kit Fisto
33%
Commandant Cody
32%
Plo Koon
32%
Grogu (Baby Yoda)
30%
Ahsoka Tano
29%
⚔️ Les soldats et commandants : Capitaine Rex
27%
🏜️Personnages des séries et spin-offs : The Mandalorian (Din Djarin)
25%
Général Hux
24%
Grand Moff Tarkin
23%
Bossk
22%
Capitaine Phasma
22%
Bib Fortuna
21%
Nute Gunray
19%
Asajj Ventress
17%
Bail Organa
17%
Cad Bane
17%
IG-88
17%
🎭Les Sith et serviteurs du côté obscur : Savage Opress
15%
K-2SO
14%
Kanan Jarrus
14%
Luminara Unduli
14%
Ezra Bridger
13%
Sabine Wren
13%
Shaak Ti
13%
👽 Personnages secondaires et créatures : Watto
13%
Barriss Offee
12%
Hera Syndulla
12%
Mon Mothma
11%
Bo-Katan Kryze
10%
Sebulba
10%
Chopper (C1-10P)
9%
Aurra Sing
8%
Commandant Gree
8%
IG-11
8%
Qi’ra
8%
Dengar
7%
DJ (Benicio Del Toro)
7%
Fennec Shand
7%
Grand Amiral Thrawn
7%
Cara Dune
6%
Embo
6%
Inquisiteur (Grand Inquisitor)
6%
Starkiller (Galen Marek)
5%
Tobias Beckett
5%
4-LOM
4%
Greef Karga
4%
Mas Amedda
4%
Amiral Thrawn
3%
Dryden Vos
3%
Hondo Ohnaka
3%
Pre Vizsla
3%
Zuckuss
3%
Darth Bane
2%
Darth Malgus
2%
Darth Nihilus
2%
Darth Plagueis
2%
Nien Nunb
2%
Wicket W. Warrick
2%
ARC Trooper Fives
1%
Cobb Vanth
1%
Darth Revan
1%
Droïdeka
1%
HK-47
1%
Lady Proxima
1%
Rune Haako
1%
Clone 99
0%
EV-9D9
0%
Maître Ziro le Hutt
0%
Maris Brood
0%
Ponda Baba
0%
Salacious B. Crumb
0%
Trilla Suduri (Second Sister)
0%
Aucun quiz correspondant
Distribution des résultats
% des personnes avec chaque résultat
Percentile par nombre de réponses
Votre historique - résultats
Vous n’avez pas pris ce quiz